[Event "Südlohn - Raesfeld"]
[Site "?"]
[Date "2023.11.12"]
[Round "3.2"]
[White "Kolakovic, Klaudio"]
[Black "Van de Oudeweetering, Raoul"]
[Result "0-1"]
[WhiteElo "2029"]
[BlackElo "2191"]
[PlyCount "60"]
[EventDate "2023.??.??"]

1. d4 d5 2. e4 dxe4 3. Nc3 Nf6 4. f3 exf3 5. Nxf3 g6 6. Bc4 Bg7 7. Bg5 O-O 8. Qd2 c6 9. O-O-O Bg4 10. Rhe1 Bxf3 11. gxf3 Nbd7 12. h4 h5 13. Bb3 e6 14. Rg1 Qa5 15. Bf4 Nd5 16. Bxd5 cxd5 17. Bh6 Rac8 18. Bxg7 Kxg7 19. Qg5 Rxc3 20. bxc3 Qxc3 21. Rd3 Qa1+ 22. Kd2 Qxa2 23. Qe7 Rc8 24. Qxd7 Rxc2+ 25. Ke3 Rh2 26. Rdd1 Qe2+ 27. Kf4 Rxh4+ 28. Kg5 Qh2 29. Rg4 hxg4 30. fxg4 Qg3 0-1

[Event "Südlohn - Raesfeld"]
[Site "?"]
[Date "2023.11.12"]
[Round "3.3"]
[White "Postma, Dinant"]
[Black "Teloeken, Andreas"]
[Result "0-1"]
[WhiteElo "2157"]
[BlackElo "2065"]
[PlyCount "82"]
[EventDate "2023.??.??"]

1. e4 c6 2. d4 d5 3. e5 Bf5 4. Nf3 e6 5. Be2 Nd7 6. O-O Ne7 7. Nbd2 c5 8. dxc5 Nc6 9. Bb5 Bxc5 10. Nb3 Bb6 11. c3 Bg4 12. Qe2 O-O 13. Bf4 Bc7 14. Bxc6 bxc6 15. Bg3 Qb8 16. Rfe1 c5 17. Rad1 c4 18. Nbd4 Nc5 19. Qc2 Bh5 20. Re3 Qb7 21. b4 Nd3 22. Qd2 Bb6 23. a3 a5 24. Rb1 axb4 25. axb4 Bxf3 26. gxf3 Bxd4 27. cxd4 Ra4 28. b5 Rfa8 29. Rxd3 cxd3 30. Qxd3 Qb6 31. Rd1 Ra1 32. Bf4 Rxd1+ 33. Qxd1 Qxb5 34. Be3 Qb2 35. Qd3 Ra3 36. Qd2 Qxd2 37. Bxd2 Rxf3 38. Be3 f6 39. Kg2 Rf5 40. f4 fxe5 41. fxe5 g5 0-1

[Event "Südlohn - Raesfeld"]
[Site "?"]
[Date "2023.11.12"]
[Round "3.4"]
[White "Engels, Natia"]
[Black "Buendgen, Achim"]
[Result "1/2-1/2"]
[WhiteElo "2096"]
[BlackElo "2083"]
[PlyCount "92"]
[EventDate "2023.??.??"]

1. d4 Nf6 2. c4 c5 3. d5 e6 4. Nc3 exd5 5. cxd5 d6 6. e4 g6 7. Nf3 Bg7 8. Be2 O-O 9. O-O Re8 10. Nd2 Nbd7 11. f4 c4 12. e5 dxe5 13. Nxc4 Nb6 14. fxe5 Nfxd5 15. Nd6 Nxc3 16. bxc3 Rf8 17. Nxf7 Qxd1 18. Bxd1 Be6 19. Nh6+ Kh8 20. Bf3 Rac8 21. Bg5 Rxc3 22. Bxb7 Rxf1+ 23. Rxf1 Rc7 24. Bf3 Bxe5 25. a3 Kg7 26. Re1 Bd4+ 27. Kh1 Bf6 28. Bf4 Rc4 29. Rxe6 Rxf4 30. Ng4 h5 31. Nxf6 Rxf6 32. Re7+ Rf7 33. Re4 Rc7 34. h3 Kf6 35. Be2 Rc3 36. a4 Ra3 37. Bb5 Kf5 38. Re7 a6 39. Bxa6 Rxa4 40. Bd3+ Kf6 41. Rc7 Nd5 42. Rc6+ Ke5 43. Bxg6 h4 44. Kg1 Nf4 45. Bc2 Ra2 46. Kf1 Rb2 1/2-1/2

[Event "Südlohn - Raesfeld"]
[Site "?"]
[Date "2023.11.12"]
[Round "3.5"]
[White "Gesing, Felix"]
[Black "Doennebrink, Elmar"]
[Result "1/2-1/2"]
[WhiteElo "2073"]
[BlackElo "2088"]
[PlyCount "90"]
[EventDate "2023.??.??"]

1. e4 c5 2. Nf3 d6 3. d3 g6 4. g3 Bg7 5. Bg2 Nc6 6. O-O Bg4 7. Nbd2 Qd7 8. c3 Bh3 9. Bxh3 Qxh3 10. Qb3 Qd7 11. Ng5 e6 12. Nc4 Nge7 13. Qxb7 Rd8 14. Qxd7+ Rxd7 15. Be3 d5 16. Na3 d4 17. cxd4 cxd4 18. Bf4 Nb4 19. Rfd1 e5 20. Bc1 h6 21. Nh3 f5 22. f3 fxe4 23. fxe4 O-O 24. Kg2 Rc8 25. Nf2 Rdc7 26. b3 Nc2 27. Rb1 Nb4 28. Ra1 Nc2 29. Nxc2 Rxc2 30. Ba3 Bf8 31. Rdc1 Nd5 32. exd5 Bxa3 33. Rxc2 Rxc2 34. Kf3 Rd2 35. h3 Kf7 36. Re1 Rxa2 37. Rxe5 Rb2 38. Re4 Rxb3 39. Rxd4 Bc5 40. Ra4 Bxf2 41. Kxf2 Rxd3 42. Rxa7+ Kf6 43. Rd7 h5 44. h4 Ke5 45. Re7+ Kf5 1/2-1/2

[Event "Südlohn - Raesfeld"]
[Site "?"]
[Date "2023.11.12"]
[Round "3.6"]
[White "Hater, Wolfgang"]
[Black "Beckmann, Klaus"]
[Result "1/2-1/2"]
[WhiteElo "2085"]
[BlackElo "2100"]
[PlyCount "23"]
[EventDate "2023.??.??"]

1. e4 e5 2. Nf3 d5 3. d4 dxe4 4. Nxe5 Bd6 5. Nc4 Nf6 6. Be2 O-O 7. Bg5 Be7 8. Nc3 Nc6 9. Be3 Nb4 10. Bg5 Nc6 11. Be3 Nb4 12. Bg5 1/2-1/2

[Event "Südlohn - Raesfeld"]
[Site "?"]
[Date "2023.11.12"]
[Round "3.7"]
[White "Broemmel, Chris"]
[Black "Funke, Reinhard"]
[Result "0-1"]
[WhiteElo "1861"]
[BlackElo "2071"]
[PlyCount "78"]
[EventDate "2023.??.??"]

1. e4 c5 2. Nf3 Nc6 3. c3 d5 4. exd5 Qxd5 5. d4 Bg4 6. Be2 e6 7. Be3 cxd4 8. cxd4 Nf6 9. Nc3 Qa5 10. O-O Be7 11. Qb3 Qb4 12. Qxb4 Bxb4 13. a3 Be7 14. Ne5 Bxe2 15. Nxe2 Nxe5 16. dxe5 Nd5 17. Bd4 b6 18. Rac1 Kd7 19. Nc3 Rhc8 20. Rfd1 Nxc3 21. Rxc3 Rxc3 22. Bxc3+ Kc6 23. Kf1 Rd8 24. Rxd8 Bxd8 25. Ke2 Kd5 26. Kd3 g5 27. g3 g4 28. Ke3 Bc7 29. Kf4 f5 30. b3 h6 31. Bb2 b5 32. Bc3 a6 33. Bb2 a5 34. Bc3 a4 35. bxa4 bxa4 36. Bb2 Bd8 37. Ke3 Bb6+ 38. Ke2 Ke4 39. Bc3 h5 0-1

[Event "Münster III - Erkenschwick 2"]
[Site "?"]
[Date "2023.11.12"]
[Round "3.1"]
[White "Homs, Guust"]
[Black "Becker, Stefan"]
[Result "1/2-1/2"]
[WhiteElo "2160"]
[BlackElo "2072"]
[PlyCount "37"]
[EventDate "2023.??.??"]

1. e4 e5 2. Nf3 Nc6 3. d4 exd4 4. Nxd4 Nf6 5. Nc3 Bb4 6. Nxc6 bxc6 7. Bd3 d5 8. exd5 cxd5 9. O-O O-O 10. Bg5 c6 11. h3 Bd6 12. Re1 h6 13. Bd2 Nd7 14. Qh5 Qf6 15. Qf5 Qxf5 16. Bxf5 Rb8 17. b3 Nc5 18. Bxc8 Rfxc8 19. Rad1 1/2-1/2

[Event "Münster III - Erkenschwick 2"]
[Site "?"]
[Date "2023.11.12"]
[Round "3.2"]
[White "Molinaroli, Martin"]
[Black "Krings, Christoph"]
[Result "1/2-1/2"]
[WhiteElo "2084"]
[BlackElo "2171"]
[PlyCount "30"]
[EventDate "2023.??.??"]

1. b3 Nf6 2. Bb2 c5 3. Nf3 d5 4. e3 e6 5. Ne5 Be7 6. Bb5+ Bd7 7. Nxd7 Nbxd7 8. O-O Qc7 9. d3 O-O 10. Bxd7 Nxd7 11. Nd2 Bf6 12. Bxf6 Nxf6 13. Qe2 Rad8 14. e4 dxe4 15. Nxe4 Nxe4 1/2-1/2

[Event "Münster III - Erkenschwick 2"]
[Site "?"]
[Date "2023.11.12"]
[Round "3.3"]
[White "Schulz, Dennis"]
[Black "Mueschenich, Stefan"]
[Result "1-0"]
[WhiteElo "1905"]
[BlackElo "2137"]
[PlyCount "67"]
[EventDate "2023.??.??"]

1. d4 Nf6 2. Nf3 e6 3. g3 b6 4. Bg2 Bb7 5. O-O Be7 6. c4 O-O 7. Nc3 d5 8. Ne5 Na6 9. Qa4 Qe8 10. Qb3 c5 11. dxc5 Nxc5 12. Qc2 Bd6 13. f4 Rc8 14. cxd5 exd5 15. Qf5 d4 16. Bxb7 Nxb7 17. Ne4 Nxe4 18. Qxe4 Qe7 19. Qf3 Bxe5 20. fxe5 Na5 21. Qh5 Nc4 22. Rf4 Rc5 23. Rh4 h6 24. Bxh6 Qxe5 25. Bg5 f6 26. Qh7+ Kf7 27. Bh6 Rg8 28. Rg4 f5 29. Rf1 Ne3 30. Qg6+ Kf8 31. Bf4 Nxg4 32. Bxe5 Nxe5 33. Qd6+ Ke8 34. Qe6+ 1-0

[Event "Münster III - Erkenschwick 2"]
[Site "?"]
[Date "2023.11.12"]
[Round "3.4"]
[White "Baumann, Stephan"]
[Black "Trzaska, Peter"]
[Result "1-0"]
[WhiteElo "2051"]
[BlackElo "2096"]
[PlyCount "163"]
[EventDate "2023.??.??"]

1. e4 c6 2. Ne2 d5 3. e5 g6 4. d4 Bg7 5. Nf4 Na6 6. Be2 Nc7 7. O-O Nh6 8. Nd2 O-O 9. Nf3 f6 10. exf6 exf6 11. c4 dxc4 12. Bxc4+ Kh8 13. Qb3 Nf5 14. Rd1 Ne7 15. a4 Ned5 16. Ne2 Nb6 17. Bd3 Be6 18. Qc2 Nbd5 19. Bd2 Bg4 20. Kh1 Bxf3 21. gxf3 f5 22. Rg1 Ne6 23. Bc3 Qh4 24. Rg3 Rae8 25. Rd1 Nef4 26. Nxf4 Qxf4 27. Bc4 Qd6 28. Qd2 Rf6 29. Qg5 Rfe6 30. Rdg1 Qe7 31. Qd2 Qd7 32. Bd3 Qf7 33. Qg5 Rf8 34. Rh3 Qf6 35. Qc1 Rfe8 36. Rhg3 Bf8 37. Qb1 Bd6 38. R3g2 Rf8 39. Bc4 Qh4 40. Qa2 Nxc3 41. bxc3 Ref6 42. Rb1 g5 43. Rxb7 Rh6 44. Kg1 Bxh2+ 45. Kf1 Bd6 46. Qe2 Qf4 47. Qe3 Qxe3 48. fxe3 g4 49. Rxa7 Rh3 50. fxg4 fxg4+ 51. Ke2 Rh2 52. Rxh2 Bxh2 53. Bd3 g3 54. Rxh7+ Kg8 55. Rh4 Rf2+ 56. Ke1 Kf8 57. Rg4 Ra2 58. Be4 Rxa4 59. Bxc6 Rc4 60. Be4 Rxc3 61. Ke2 Ke7 62. Kd2 Ra3 63. Bb7 Rb3 64. Bd5 Ra3 65. Rg6 Kd7 66. Bc4 Ke7 67. Bd5 Ra5 68. Be4 Ra2+ 69. Bc2 Kf7 70. Rg4 Kf6 71. e4 Bg1 72. e5+ Ke6 73. Kc3 Ra3+ 74. Kc4 Bf2 75. Rg6+ Kf7 76. Rg5 Ra7 77. Bb3 Rc7+ 78. Kd3+ Kf8 79. Ke4 Rc3 80. Bd5 Re3+ 81. Kf5 Ke7 82. Rg7+ 1-0

[Event "Münster III - Erkenschwick 2"]
[Site "?"]
[Date "2023.11.12"]
[Round "3.5"]
[White "Al Marawi, Abdulhadi"]
[Black "Wieder, Heiner"]
[Result "0-1"]
[WhiteElo "2038"]
[BlackElo "2082"]
[PlyCount "66"]
[EventDate "2023.??.??"]

1. Nf3 f5 2. d4 Nf6 3. c4 g6 4. Nc3 Bg7 5. Bg5 O-O 6. Bxf6 Bxf6 7. h4 h6 8. e4 fxe4 9. Nxe4 d5 10. Nxf6+ exf6 11. Qc2 Re8+ 12. Kd2 Bf5 13. Bd3 Qd6 14. Bxf5 Qf4+ 15. Kc3 gxf5 16. h5 c5 17. Rh4 cxd4+ 18. Kb3 Qc7 19. Rxd4 Nc6 20. Rxd5 Na5+ 21. Kb4 b5 22. Rxf5 Nxc4 23. Rxb5 a5+ 24. Kb3 a4+ 25. Kb4 Qd6+ 26. Rc5 Rab8+ 27. Kc3 Ne5 28. Nxe5 Qxc5+ 29. Nc4 Qxc4+ 30. Kxc4 Rbc8+ 31. Kb4 Rxc2 32. Kxa4 Rxb2 33. Ka3 Rb6 0-1

[Event "Münster III - Erkenschwick 2"]
[Site "?"]
[Date "2023.11.12"]
[Round "3.6"]
[White "Seegers, Hendrik"]
[Black "Strozewski, Frank"]
[Result "1/2-1/2"]
[WhiteElo "2097"]
[BlackElo "2064"]
[PlyCount "132"]
[EventDate "2023.??.??"]

1. d4 d6 2. c4 g6 3. Nc3 Bg7 4. Nf3 Nc6 5. Bg5 h6 6. Be3 e5 7. dxe5 Nxe5 8. Nxe5 Bxe5 9. Bd4 Be6 10. e3 Ne7 11. Bxe5 dxe5 12. Qb3 O-O 13. Qxb7 Rb8 14. Qe4 Rxb2 15. Rd1 Qb8 16. Qxe5 Qb4 17. Bd3 Rxa2 18. O-O Ra5 19. Qf6 Bf5 20. e4 Bc8 21. Ra1 Rxa1 22. Rxa1 Nc6 23. Nd5 Qd6 24. c5 Qxf6 25. Nxf6+ Kg7 26. Nd5 Ne5 27. Be2 c6 28. Ne7 Bd7 29. f4 Re8 30. fxe5 Rxe7 31. Rxa7 Kf8 32. Kf2 h5 33. Ke3 Be6 34. Rxe7 Kxe7 35. Kf4 Bb3 36. Ba6 Ba2 37. Bc8 Bc4 38. h4 Be2 39. Ke3 Bf1 40. g3 Bc4 41. Kd4 Bf1 42. Kc3 Bg2 43. Kd3 Bf1+ 44. Ke3 Bc4 45. Bh3 Ba6 46. Kd4 Be2 47. Kc3 Ba6 48. Kb4 Bd3 49. Ka5 Bxe4 50. Kb6 Kd8 51. g4 hxg4 52. Bxg4 Bg2 53. Bd1 Bd5 54. Ba4 Kd7 55. Kb7 Be4 56. Bb3 Ke7 57. Kb6 Bf3 58. Kc7 Be4 59. Ba4 Ke6 60. Bxc6 Bd3 61. Be8 Bc4 62. Kb6 Bd5 63. c6 Bxc6 64. Kxc6 Kxe5 65. Bxf7 Kf5 66. Bxg6+ Kxg6 1/2-1/2

[Event "Münster III - Erkenschwick 2"]
[Site "?"]
[Date "2023.11.12"]
[Round "3.7"]
[White "Riechenberg, Maximilian"]
[Black "Ollech, Dirk"]
[Result "1/2-1/2"]
[WhiteElo "1841"]
[BlackElo "1939"]
[PlyCount "43"]
[EventDate "2023.??.??"]

1. e4 c5 2. Nf3 d6 3. Bb5+ Bd7 4. Bxd7+ Qxd7 5. c4 Nc6 6. Nc3 Nf6 7. d4 cxd4 8. Nxd4 g6 9. f3 Bg7 10. Be3 O-O 11. O-O Rac8 12. b3 Rfd8 13. Rc1 b6 14. Qd2 Qb7 15. Rfd1 h5 16. Nd5 Nxd5 17. exd5 Nxd4 18. Bxd4 a6 19. Bxg7 Kxg7 20. Qd4+ Kg8 21. a4 Rc7 22. Rc3 1/2-1/2

[Event "Münster III - Erkenschwick 2"]
[Site "?"]
[Date "2023.11.12"]
[Round "3.8"]
[White "Meyer, Ulrich"]
[Black "Jungbluth, Rolf"]
[Result "0-1"]
[WhiteElo "1834"]
[BlackElo "2048"]
[PlyCount "108"]
[EventDate "2023.??.??"]

1. d4 d5 2. Nf3 Nf6 3. Bf4 c5 4. c3 cxd4 5. cxd4 Nc6 6. Nc3 a6 7. Qb3 e6 8. e3 Bd6 9. Bxd6 Qxd6 10. Be2 O-O 11. O-O Qb4 12. Qxb4 Nxb4 13. Na4 Nd7 14. a3 Nc6 15. Rac1 Rd8 16. b4 Ne7 17. Rc3 f6 18. Nc5 Nf8 19. Rfc1 Kf7 20. Bd1 Rb8 21. Bb3 b6 22. Nd3 Bb7 23. Rc7 Rdc8 24. Ba4 h6 25. h4 b5 26. Bd1 Ke8 27. Nd2 Kd8 28. Rxc8+ Bxc8 29. Nb3 Rb6 30. Be2 Nf5 31. g3 Nd6 32. Nbc5 Ng6 33. Bh5 Ne7 34. Bg4 Nc4 35. Nf4 f5 36. Bh5 g5 37. hxg5 hxg5 38. Nfd3 Nc6 39. Kg2 g4 40. Rh1 Ke7 41. Bg6 Kf6 42. Be8 Kg7 43. Bxc6 Rxc6 44. Ra1 Kf6 45. Nf4 Rd6 46. Rh1 Kg7 47. Nfd3 Nxa3 48. Ne5 Rd8 49. Rh5 Nc4 50. Nc6 Re8 51. Rh1 Nd6 52. Ne5 Nc4 53. Ncd3 Bb7 54. Nf4 Nxe5 0-1

[Event "Raesfeld - Holsterhausen"]
[Site "?"]
[Date "2023.12.03"]
[Round "4.1"]
[White "Schwalen, Peter"]
[Black "Wilger, Frank"]
[Result "1-0"]
[WhiteElo "2095"]
[BlackElo "2113"]
[PlyCount "97"]
[EventDate "2023.??.??"]

1. e4 c5 2. Nf3 e6 3. d4 cxd4 4. Nxd4 Nc6 5. Nb5 d6 6. Bf4 e5 7. Be3 a6 8. N5c3 Nf6 9. Bg5 h6 10. Bxf6 gxf6 11. Na3 b5 12. Nd5 Bg7 13. Bd3 Ne7 14. Nxe7 Qxe7 15. c4 f5 16. O-O O-O 17. Qh5 b4 18. Nc2 fxe4 19. Bxe4 Rb8 20. Ne3 Qg5 21. Qxg5 hxg5 22. g4 Be6 23. Rfd1 Rfd8 24. Rac1 Bf8 25. h3 Be7 26. Kg2 Kg7 27. Rd3 Rd7 28. Rcd1 Rc7 29. Nd5 Bxd5 30. Bxd5 Rb6 31. b3 Ra7 32. Rf3 f6 33. Rh1 Rb8 34. h4 gxh4 35. Rxh4 Rh8 36. Rxh8 Kxh8 37. Rh3+ Kg7 38. Be4 Rc7 39. Rh7+ Kg8 40. Kf3 d5 41. cxd5 Rc3+ 42. Kg2 Bc5 43. Rc7 a5 44. Rc6 Kf7 45. d6 Ke6 46. Bf5+ Kf7 47. Rc7+ Ke8 48. Rc8+ Kf7 49. d7 1-0

[Event "Raesfeld - Holsterhausen"]
[Site "?"]
[Date "2023.12.03"]
[Round "4.2"]
[White "Van de Oudeweetering, Raoul"]
[Black "Walbaum, Klaus"]
[Result "0-1"]
[WhiteElo "2200"]
[BlackElo "2098"]
[PlyCount "76"]
[EventDate "2023.??.??"]

1. e4 c5 2. Nf3 e6 3. c3 Nf6 4. Bd3 Nc6 5. Bc2 d5 6. e5 Nd7 7. d4 Qb6 8. O-O h6 9. c4 Nxd4 10. Nxd4 cxd4 11. cxd5 Nxe5 12. Ba4+ Kd8 13. Bb3 exd5 14. Bxd5 f6 15. Bf4 Bd6 16. Bxe5 Bxe5 17. Nd2 Qd6 18. Qf3 Bg4 19. Qxg4 Qxd5 20. f4 Bd6 21. Nf3 g5 22. fxg5 hxg5 23. Rad1 Kc7 24. Rxd4 Bc5 25. Rc1 Kb6 26. Rxc5 Qxc5 27. Qe6+ Kc7 28. Kf1 Rae8 29. Rd7+ Kb8 30. Qf7 Qc1+ 31. Kf2 Qxb2+ 32. Kg3 g4 33. Kxg4 Qxg2+ 34. Kf4 Rh4+ 35. Nxh4 Re4+ 36. Kf5 Qg4+ 37. Kxf6 Rf4+ 38. Ke5 Rxf7 0-1

[Event "Raesfeld - Holsterhausen"]
[Site "?"]
[Date "2023.12.03"]
[Round "4.3"]
[White "Sicars, Thorsten"]
[Black "Postma, Dinant"]
[Result "0-1"]
[WhiteElo "2022"]
[BlackElo "2141"]
[PlyCount "106"]
[EventDate "2023.??.??"]

1. c4 e5 2. Nc3 Nc6 3. e3 Nf6 4. Nf3 Be7 5. Qb3 O-O 6. Be2 d6 7. d4 Re8 8. d5 Nb8 9. e4 a5 10. Qc2 Bf8 11. Bg5 h6 12. Be3 Na6 13. Nd2 g6 14. O-O Bg7 15. a3 b6 16. Qb1 Ng4 17. Bxg4 Bxg4 18. b4 Bd7 19. Rc1 f5 20. f3 h5 21. Nb5 Bf6 22. bxa5 bxa5 23. Qd3 Bg5 24. Bf2 Rf8 25. Rc2 h4 26. c5 dxc5 27. Rb1 h3 28. g3 Qf6 29. Nc4 Rab8 30. Nc3 Rxb1+ 31. Nxb1 fxe4 32. fxe4 Bb5 33. Qe2 a4 34. Rc3 Qf7 35. Be1 Nb8 36. Bd2 Qf6 37. Bxg5 Qxg5 38. Nbd2 Nd7 39. Qe3 Qh5 40. Rc1 Bxc4 41. Nxc4 Rf3 42. Qd2 Qg4 43. Re1 Kg7 44. Re2 Rb3 45. Qe1 Rb1 46. Qxb1 Qxe2 47. Qf1 Qxe4 48. Qxh3 Qd4+ 49. Kg2 Qxd5+ 50. Kf2 Nf6 51. Qf1 Qd4+ 52. Kg2 Nd5 53. Qe2 Qxc4 0-1

[Event "Raesfeld - Holsterhausen"]
[Site "?"]
[Date "2023.12.03"]
[Round "4.4"]
[White "Buendgen, Achim"]
[Black "Bobzin, Pierre"]
[Result "1/2-1/2"]
[WhiteElo "2087"]
[BlackElo "2087"]
[PlyCount "71"]
[EventDate "2023.??.??"]

1. e4 c6 2. d4 d5 3. f3 g6 4. Nc3 Bg7 5. Be3 Nf6 6. Qd2 b5 7. e5 Ng8 8. Bd3 h5 9. f4 Nh6 10. Nf3 Bf5 11. O-O e6 12. Ne2 Nd7 13. a4 a6 14. b3 Nb6 15. a5 Nc8 16. c4 Ne7 17. cxb5 cxb5 18. Rfc1 O-O 19. Rc5 Qd7 20. Rac1 Rfc8 21. b4 Bf8 22. Rxc8 Rxc8 23. Ne1 Nc6 24. Rb1 Ng4 25. Bxf5 exf5 26. Nd3 Nxe3 27. Qxe3 Nd8 28. Nc5 Bxc5 29. dxc5 Ne6 30. Nd4 Nxd4 31. Qxd4 Qe6 32. Rd1 Rd8 33. Qc3 Rc8 34. Qd4 Rd8 35. Rc1 Rc8 36. Rd1 1/2-1/2

[Event "Raesfeld - Holsterhausen"]
[Site "?"]
[Date "2023.12.03"]
[Round "4.5"]
[White "Lindenmaier, Reinhard"]
[Black "Gesing, Felix"]
[Result "1/2-1/2"]
[WhiteElo "2040"]
[BlackElo "2073"]
[PlyCount "53"]
[EventDate "2023.??.??"]

1. c4 Nf6 2. g3 g6 3. Bg2 Bg7 4. Nc3 O-O 5. Nf3 d6 6. O-O e5 7. d4 Nbd7 8. e4 Re8 9. h3 exd4 10. Nxd4 Nc5 11. Re1 a5 12. Nb3 Nfd7 13. Be3 Nxb3 14. axb3 Ne5 15. f4 Nc6 16. Qd2 Be6 17. Bf2 Qf6 18. Rad1 Rad8 19. Qc1 Rc8 20. Rd2 Nb4 21. Bd4 Qxd4+ 22. Rxd4 Bxd4+ 23. Kh2 Nd3 24. Qd2 Bxc3 25. Qxc3 Nxe1 26. Qxe1 b6 27. Qc3 1/2-1/2

[Event "Raesfeld - Holsterhausen"]
[Site "?"]
[Date "2023.12.03"]
[Round "4.6"]
[White "Broemmel, Rudolf"]
[Black "Heidarnezhad, Ben-Ali"]
[Result "1-0"]
[WhiteElo "1993"]
[BlackElo "1942"]
[PlyCount "55"]
[EventDate "2023.??.??"]

1. Nc3 d5 2. d4 Nf6 3. g3 e6 4. Bg2 Bb4 5. e3 O-O 6. Nge2 Nbd7 7. a3 Bd6 8. e4 dxe4 9. Nxe4 Nxe4 10. Bxe4 Nf6 11. Bg2 c5 12. O-O c4 13. Nc3 a6 14. Qe2 Qc7 15. Bg5 Be7 16. Bf4 Qb6 17. Qxc4 Qxb2 18. Ra2 Qb6 19. Rb1 Qa7 20. a4 Rd8 21. Be3 Ng4 22. Rab2 e5 23. Rxb7 Bxb7 24. Rxb7 exd4 25. Rxa7 Nxe3 26. fxe3 Rxa7 27. exd4 Rad7 28. Nd5 1-0

[Event "Raesfeld - Holsterhausen"]
[Site "?"]
[Date "2023.12.03"]
[Round "4.7"]
[White "Westendorp, Christian"]
[Black "Beckmann, Klaus"]
[Result "0-1"]
[WhiteElo "1791"]
[BlackElo "2074"]
[PlyCount "76"]
[EventDate "2023.??.??"]

1. d4 Nf6 2. c4 e6 3. Nf3 d5 4. g3 Be7 5. Bg2 O-O 6. O-O dxc4 7. Qc2 a6 8. Rd1 b5 9. a4 Bb7 10. Nbd2 Nc6 11. b3 Nxd4 12. Nxd4 Bxg2 13. Nxe6 Qc8 14. Kxg2 Qxe6 15. bxc4 b4 16. Nf3 c5 17. Bb2 h6 18. Rd3 Rfd8 19. Rad1 Rxd3 20. exd3 Qc6 21. Re1 Re8 22. Re5 Bd6 23. Rxe8+ Nxe8 24. d4 cxd4 25. Bxd4 Nc7 26. Qb3 Ne6 27. Kg1 Qe4 28. Qe3 Qb1+ 29. Kg2 Qc2 30. Nd2 Qxa4 31. Ne4 Qc6 32. Kg1 Bf8 33. Nd2 a5 34. Ba1 a4 35. Nf3 Qxc4 36. Ne5 Qd5 37. Qa7 Nc5 38. Qb8 Qd1+ 0-1

[Event "Katernberg 3 - Bochum 2"]
[Site "?"]
[Date "2023.12.03"]
[Round "4.1"]
[White "Kraemer, Matthias"]
[Black "Kaeding, Rainer"]
[Result "1/2-1/2"]
[WhiteElo "2260"]
[BlackElo "2103"]
[PlyCount "84"]
[EventDate "2023.??.??"]

1. e4 e5 2. Nf3 Nf6 3. Nxe5 d6 4. Nf3 Nxe4 5. Nc3 Nxc3 6. dxc3 Be7 7. Bf4 Nc6 8. Qd2 Be6 9. O-O-O Qd7 10. Kb1 O-O-O 11. Bb5 Bf6 12. Rhe1 a6 13. Ba4 h6 14. Nd4 Bxd4 15. cxd4 b5 16. d5 bxa4 17. Qe2 Kb7 18. dxe6 fxe6 19. Qc4 e5 20. Bxe5 Nxe5 21. Rxe5 dxe5 22. Rxd7 Rxd7 23. Qe4+ Ka7 24. a3 Re8 25. Qxa4 Ree7 26. Qe4 Rd4 27. Qc6 Rd6 28. Qc5+ Kb7 29. Qb4+ Kc8 30. c4 Kd8 31. c5 Rf6 32. f3 Ke8 33. Qe4 Kf7 34. Kc2 g6 35. b4 Kg7 36. Kb3 Rf4 37. Qb7 a5 38. b5 e4 39. fxe4 Rfxe4 40. Qa7 Re3+ 41. Kc4 R3e4+ 42. Kc3 Re3+ 1/2-1/2

[Event "Katernberg 3 - Bochum 2"]
[Site "?"]
[Date "2023.12.03"]
[Round "4.2"]
[White "Rosen, Willy"]
[Black "Wolter, Detlev"]
[Result "1/2-1/2"]
[WhiteElo "2107"]
[BlackElo "2200"]
[PlyCount "64"]
[EventDate "2023.??.??"]

1. e4 c5 2. Nc3 Nc6 3. f4 g6 4. Nf3 Bg7 5. Bb5 Nd4 6. O-O a6 7. Bc4 b5 8. Bd5 Rb8 9. d3 e6 10. Bb3 Ne7 11. Nxd4 Bxd4+ 12. Kh1 Bb7 13. Ne2 Bg7 14. c3 f5 15. Bc2 O-O 16. Be3 d6 17. Qb1 Qc7 18. a4 Kh8 19. Qa2 e5 20. Rac1 c4 21. axb5 axb5 22. Ng3 cxd3 23. Bxd3 fxe4 24. Bxb5 Nd5 25. Ba7 exf4 26. Bxb8 Qxb8 27. Nxe4 Ne3 28. Bd3 Bd5 29. c4 Bxe4 30. Bxe4 Nxf1 31. Rxf1 Qxb2 32. Qxb2 Bxb2 1/2-1/2

[Event "Katernberg 3 - Bochum 2"]
[Site "?"]
[Date "2023.12.03"]
[Round "4.3"]
[White "Pewny, Uwe"]
[Black "Gorainow, Nikita"]
[Result "1/2-1/2"]
[WhiteElo "2225"]
[BlackElo "2023"]
[PlyCount "56"]
[EventDate "2023.??.??"]

1. e4 c5 2. Nf3 e6 3. d4 cxd4 4. Nxd4 a6 5. c4 Nf6 6. Nc3 Bb4 7. Bd3 d5 8. Qa4+ Nc6 9. Nxc6 Bxc3+ 10. bxc3 bxc6 11. exd5 O-O 12. Ba3 Re8 13. d6 Bd7 14. c5 e5 15. Qh4 e4 16. Be2 Qa5 17. Bb4 Qa4 18. O-O Qc2 19. Bc4 a5 20. Rac1 Qb2 21. Rb1 Qd2 22. Rfd1 Qc2 23. Bb3 Qe2 24. Re1 Qd2 25. Rbd1 Qb2 26. Rb1 Qd2 27. Rbd1 Qb2 28. Rb1 Qd2 1/2-1/2

[Event "Katernberg 3 - Bochum 2"]
[Site "?"]
[Date "2023.12.03"]
[Round "4.4"]
[White "Gallas, Noel"]
[Black "Spiess, Timo-Christian"]
[Result "1-0"]
[WhiteElo "1931"]
[BlackElo "2195"]
[PlyCount "105"]
[EventDate "2023.??.??"]

1. e4 c6 2. d4 d5 3. Nd2 g6 4. c3 Bg7 5. Bd3 dxe4 6. Nxe4 Nd7 7. Qe2 Ndf6 8. Ng3 Nd5 9. f4 Ngf6 10. f5 Qd6 11. Nh3 O-O 12. O-O c5 13. dxc5 Qxc5+ 14. Kh1 Bd7 15. Bd2 b5 16. Rae1 Rad8 17. Ng5 Bc6 18. fxg6 hxg6 19. Bxg6 fxg6 20. Qe6+ Kh8 21. Qh3+ Kg8 22. Ne6 Bd7 23. Nxc5 Bxh3 24. gxh3 Rd6 25. Ne6 Rc8 26. Bf4 Ra6 27. a3 Nxf4 28. Nxf4 Kf7 29. Re5 Rb8 30. Rfe1 Rb7 31. Ne6 Rd6 32. Nxg7 Kxg7 33. Rxe7+ Rxe7 34. Rxe7+ Kh6 35. Kg2 a6 36. Kf2 Nd5 37. Ne4 Rb6 38. Rf7 g5 39. Kf3 Re6 40. Rf5 Nb6 41. Nxg5 Rc6 42. Nf7+ Kg7 43. Ne5 Rh6 44. Kg4 Na4 45. h4 Nxb2 46. Kg5 Rd6 47. h5 Rd2 48. h6+ Kg8 49. h3 Nd1 50. Ng6 Rd8 51. Ne7+ Kh8 52. Rf7 Nxc3 53. Ng6+ 1-0

[Event "Katernberg 3 - Bochum 2"]
[Site "?"]
[Date "2023.12.03"]
[Round "4.6"]
[White "Geerlings, Gerd"]
[Black "Goralski, Christian"]
[Result "1/2-1/2"]
[WhiteElo "2302"]
[BlackElo "2105"]
[PlyCount "49"]
[EventDate "2023.??.??"]

1. Nf3 d5 2. b3 Bg4 3. Bb2 Nd7 4. d4 e6 5. e3 Ngf6 6. Nbd2 Ne4 7. a3 Bd6 8. Be2 f5 9. Ne5 Bxe2 10. Qxe2 O-O 11. c4 Bxe5 12. dxe5 Ndc5 13. Rd1 c6 14. b4 Na4 15. Nxe4 Nxb2 16. Qxb2 fxe4 17. O-O Qc7 18. cxd5 exd5 19. f4 exf3 20. gxf3 Rae8 21. f4 Qd7 22. Qg2 Re6 23. Rf3 Rg6 24. Rg3 Rxg3 25. hxg3 1/2-1/2

[Event "Katernberg 3 - Bochum 2"]
[Site "?"]
[Date "2023.12.03"]
[Round "4.7"]
[White "Hinkmann, Jens"]
[Black "Sauer, Bernd"]
[Result "1-0"]
[WhiteElo "2091"]
[BlackElo "1865"]
[PlyCount "87"]
[EventDate "2023.??.??"]

1. e4 c6 2. d4 d5 3. e5 Bf5 4. g4 Bd7 5. c4 e6 6. Nc3 Ne7 7. Qb3 Qc8 8. c5 Na6 9. Bd3 Ng6 10. Nf3 Be7 11. h4 Bd8 12. h5 Ne7 13. Qa4 Nc7 14. Ng5 h6 15. Nh3 b6 16. b4 b5 17. Qb3 a5 18. bxa5 Na6 19. a4 b4 20. Na2 Bxa5 21. O-O Qc7 22. Bd2 Bc8 23. Rab1 Rb8 24. f4 g6 25. hxg6 fxg6 26. Bc2 h5 27. gxh5 Rxh5 28. Qg3 Rxh3 29. Qxh3 b3 30. Bxa5 Qxa5 31. Rxb3 Qd2 32. Qc3 Qe2 33. Nc1 Qg4+ 34. Qg3 Qxg3+ 35. Rxg3 Kf7 36. Rb3 Rxb3 37. Nxb3 Nb4 38. Bb1 Ba6 39. Rf2 Nd3 40. Bxd3 Bxd3 41. Rd2 Bc4 42. Na5 Ba6 43. Rb2 Ke8 44. Rb6 1-0

[Event "Katernberg 3 - Bochum 2"]
[Site "?"]
[Date "2023.12.03"]
[Round "4.8"]
[White "Dicks, Friedrich"]
[Black "Peters, Michael"]
[Result "0-1"]
[WhiteElo "1704"]
[BlackElo "2000"]
[PlyCount "54"]
[EventDate "2023.??.??"]

1. d4 d5 2. Nc3 Nf6 3. Bf4 e6 4. Nb5 Na6 5. e3 c6 6. Nc3 Qb6 7. Rb1 Bd7 8. Nf3 c5 9. Be2 Be7 10. h3 O-O 11. O-O Rfc8 12. Ne5 Be8 13. Re1 Nd7 14. Bd3 Nb4 15. Nxd7 Bxd7 16. Bf1 Bf8 17. a3 cxd4 18. exd4 Nc6 19. Be3 Na5 20. Qh5 Nc4 21. Bxc4 Rxc4 22. Qg4 Qc6 23. Bd2 Qb6 24. b3 Rc7 25. Qf3 Qxd4 26. Qe3 Qxe3 27. fxe3 Rac8 0-1